• 首页
  • 本馆介绍
  • 公告通知
  • 最新文献
  • 馆藏检索
  • 电子资源
  • 读者导购
  • 参考咨询
  • 我的图书馆
  • 登录
  • 详细信息显示
  • 放入我的书架
  • 预约/预借图书
  • 作者相关作品
  • 分类相关作品
  • 丛书相关作品
  • 出版社相关作品

书目信息

  • 表格格式
  • 工作单格式
  • 卡片格式
题名:
工程起重机
    
 
作者: 哈尔滨建工学院 主编
分册:  
出版信息: 北京   中国建筑工业出版社  1981.6
页数: 342页
开本: 26cm
丛书名:
单 册:
中图分类: TH2
科图分类:
主题词: 起重机械 , 运输机械
电子资源:
ISBN:
000 00567nam0 2200205 45
001 0312221749
005 20060523082554.93
010    @dCNY2.25
100    @a20031222d1981 km y0chiy0120 ea
101    @achi
102    @aCN@b110000
200 1  @a工程起重机@AGong Cheng Qi Zhong Ji@f哈尔滨建工学院主编@FHa Er Bin Jian Gong Xue Yuan Zhu Bian
210    @a北京@c中国建筑工业出版社@d1981.6
215    @a342页@d26cm
606 0  @a起重机械
606 0  @a运输机械
690    @aTH2@v3
701 0  @a哈尔滨建工学院@4主编
801    @aCN@bTSTCL@c20060523
905    @a213230@dTH2@e2
    
    工程起重机/哈尔滨建工学院主编.-北京:中国建筑工业出版社,1981.6
    342页;26cm
    
    
    ISBN :CNY2.25
    
●
相关链接 在E读中查询图书 在五车中查询图书 在当当中查询图书 在豆瓣中查询图书


正题名:工程起重机     索取号:TH2/2         预约/预借

序号 登录号 条形码 馆藏地/架位号 状态 备注
1 0107552   202369007   密集书库/ [索取号:TH2/2] 在馆    
2 0107553   202309304   密集书库/ [索取号:TH2/2] 在馆    
3 0107554   202368963   密集书库/ [索取号:TH2/2] 在馆    
唐山师范学院图书馆 欢迎您!
大连网信软件有限公司© 版权所有